| 000 | 00000nas 2200000zi 4500 |
| 001 | 9.904754 |
| 003 | CaOODSP |
| 005 | 20250107144056 |
| 006 | m go d f |
| 007 | cr ||||||||||| |
| 008 | 211109d19901992oncar p o s f0 a0eng|d |
| 040 | |aCaOODSP|beng|erda|cCaOODSP |
| 041 | |aeng|afre |
| 043 | |an-cn--- |
| 086 | 1 |aE78-2-PDF |
| 245 | 00|a... annual report, export of military goods from Canada. |
| 246 | 15|aRapport annuel sur l'exportation de marchandises militaires du Canada |
| 264 | 1|a[Ottawa] : |bExternal Affairs and International Trade Canada, |c1991-1993. |
| 310 | |aAnnual |
| 336 | |atext|btxt|2rdacontent |
| 337 | |acomputer|bc|2rdamedia |
| 338 | |aonline resource|bcr|2carrier |
| 362 | 1 |aBegan with 1990; ceased with 1992. |
| 550 | |aIssued by Export Controls Division, Special Trade Relations Bureau. |
| 588 | |aDescription based on: 1990. |
| 588 | |aLatest issue consulted: 1992. |
| 650 | 0|aExport controls|zCanada|vStatistics|vPeriodicals. |
| 650 | 0|aMilitary supplies|zCanada|vStatistics|vPeriodicals. |
| 650 | 0|aMilitary weapons|zCanada|vStatistics|vPeriodicals. |
| 655 | 7|aStatistics|2lcgft |
| 655 | 7|aPeriodicals|2lcgft |
| 710 | 1 |aCanada. |bExport Controls Division. |
| 775 | 08|t... annual report, export of military goods from Canada.|w(CaOODSP)9.904757 |
| 785 | 00|tExport of military goods from Canada, … annual report.|w(CaOODSP)9.880291 |